Proyecto AC_T_E : Acción Territorial por el Empleo Acción Territorial por el Empleo
Descripción Física:
413 p.: gràf. ; 24 cm
MARC
| LEADER | 00000nam a2200000Ia 4500 | ||
|---|---|---|---|
| 001 | 16992 | ||
| 003 | BGR | ||
| 005 | 20260324175734.0 | ||
| 008 | 160829s2002 xx 000 0 cat d | ||
| 080 | |a C-2-381 | ||
| 245 | |a Proyecto AC_T_E : |b Acción Territorial por el Empleo | ||
| 260 | |a [Barcelona] : |b Institut d'Edicions, |c 2002 | ||
| 300 | |a 413 p.: |b gràf. ; |c 24 cm | ||
| 590 | |a A la coberta: A·C·T·E (Asociación de Colectividades Téxtiles Europeas). | ||
| 590 | |a Hi ha un exemplar en anglès amb R. 22239, francès amb R. 22240 i italià amb R. 22241 | ||
| 650 | |a Proyecto AC_T_E, Acción Territorial por el Empleo |9 39583 | ||
| 650 | |a Indústria tèxtil |x Europa |9 39584 | ||
| 710 | |a Barcelona (Catalunya : Província). |b Institut d'Edicions |9 53854 | ||
| 710 | 2 | |a Asociación de Colectividades Textiles Europeas (ACTE) |9 70498 | |
| 901 | |a Arxiu | ||
| 942 | |n 1 |2 udc |c MON | ||
| 952 | |0 0 |1 0 |4 0 |6 C2381 |7 1 |9 49097 |a Arxiu |b Arxiu |d 2016-12-01 |l 0 |o C-2-381 |p 16992 |r 2016-12-01 00:00:00 |w 2016-12-01 |y ARXIU | ||
| 999 | |c 52934 |d 52934 | ||